Ägyptische Zeichenliste /

محفوظ في:

المؤلف الرئيسي: Kosack, Wolfgang (مؤلف)

التنسيق: كتاب

اللغة: German

منشور في: Basel : Verlag Christoph Brunner, 2013.

الموضوعات:

الوسوم: إضافة وسم

لا توجد وسوم, كن أول من يضع وسما على هذه التسجيلة!

رقم الطلب: PJ1097 .K85 v.1-2

LEADER 01080nam a22002777a 4500
003 OSt
005 20251013123502.0
008 251013m2013 sz a g b 001 0 ger d
020 |a 9783952401804 (v. 1) 
020 |a 3952401803 (v. 1) 
020 |a 9783952401828 (v. 2) 
020 |a 395240182X (v. 2) 
040 |c ARCE Library 
050 1 4 |a PJ1097  |b .K85 v.1-2 
100 1 |a Kosack, Wolfgang,  |e author  |9 34133 
245 1 0 |a Ägyptische Zeichenliste /   |c Wolfgang Kosack.  
264 1 |a Basel :   |b Verlag Christoph Brunner,   |c 2013. 
300 |a 2 volumes :   |b illustrations ;   |c 30 cm.  
504 |a Includes bibliographical references and index.  
505 0 |g I.  |t Grundlagen der Hieroglyphenschrift : Definition, Gestaltung und Gebrauch ägyptischer Schriftzeichen Vorarbeiten zu einer Schriftliste --  |g II.  |t 8500 Hieroglyphen aller Epochen : Lesungen, Deutungen, Verwendungen gesammelt und bearbeitet 
555 |a aya 
650 0 |a Egyptian language  |x Writing, Hieroglyphic.  
650 0 |a Inscriptions, Hieroglyphic. 
901 |a reviewed 
942 |c BK  |2 lcc 
999 |c 24263  |d 24263